[Event "Fide Mercenarios 9th"]
[White "Castillo Castelan, Miguel Angel"]
[Black "Teran, Armando"]
[Site "Mexico City"]
[Round "11"]
[Result "1-0"]
[Date "1995.??.??"]
[WhiteElo "2170"]
[BlackElo "2000"]
[PlyCount "117"]
[EventDate "1995.??.??"]
[EventType "tourn"]
[EventRounds "11"]
[EventCountry "MEX"]
[SourceTitle "EXT 2000"]
[Source "ChessBase"]
[SourceDate "1999.11.16"]
[SourceVersion "1"]
[SourceVersionDate "1999.11.16"]
[SourceQuality "1"]

1. d4 d5 2. c4 dxc4 3. e4 Nf6 4. Nc3 e6 5. Bxc4 Be7 6. Nf3 0-0 7. 0-0 b6 8. Qe2 Bb7 9. Rd1 c6 10. Bf4 Re8 11. e5 Nd5 12. Qe4 Nd7 13. Bd3 g6 14. Bh6 c5 15. Qg4 Nxc3 16. bxc3 Bxf3 17. Qxf3 cxd4 18. cxd4 Rc8 19. Be4 Bg5 20. Qh3 f5 21. exf6 Qxf6 22. d5 Nc5 23. Bf3 Bxh6 24. Qxh6 exd5 25. Bxd5+ Kh8 26. h4 Nd3 27. Bf3 Qd4 28. Qd2 Rc3 29. Rac1 Rxc1 30. Rxc1 Qb2 31. Qxb2+ Nxb2 32. Rc7 a5 33. h5 Nd3 34. hxg6 hxg6 35. Rc6 b5 36. Rxg6 b4 37. Rd6 Nc1 38. Rd2 Kg7 39. Kf1 Kf6 40. Bd1 Rb8 41. Rc2 Nd3 42. Ke2 Nf4+ 43. Kf3 Ne6 44. Rc6 Ke5 45. Ra6 Rb5 46. Ke3 Nc5 47. Ra8 b3 48. f4+ Kf6 49. axb3 Nxb3 50. g4 Rb7 51. g5+ Kg7 52. f5 Nc5 53. Rxa5 Nd7 54. Ba4 Nf8 55. f6+ Kf7 56. Bb5 Rc7 57. Be2 Ne6 58. Bh5+ Kf8 59. g6 1-0

[Event "Fide Mercenarios 9th"]
[White "Martin Del Campo C, Astrid"]
[Black "Teran, Armando"]
[Site "Mexico City"]
[Round "6"]
[Result "1-0"]
[Date "1995.??.??"]
[WhiteElo "2050"]
[BlackElo "2000"]
[PlyCount "87"]
[EventDate "1995.??.??"]
[EventType "tourn"]
[EventRounds "11"]
[EventCountry "MEX"]
[SourceTitle "EXT 2000"]
[Source "ChessBase"]
[SourceDate "1999.11.16"]
[SourceVersion "1"]
[SourceVersionDate "1999.11.16"]
[SourceQuality "1"]

1. e4 e5 2. Nf3 Nc6 3. Bb5 Nd4 4. Nxd4 exd4 5. 0-0 c6 6. Bd3 Nf6 7. Re1 d6 8. c3 dxc3 9. Nxc3 Be6 10. Bf1 Be7 11. d4 0-0 12. f4 Bg4 13. Be2 Bxe2 14. Qxe2 Re8 15. Be3 d5 16. e5 Ne4 17. Nxe4 dxe4 18. f5 Bb4 19. Rf1 c5 20. Rad1 Qd5 21. a3 Ba5 22. Qg4 cxd4 23. f6 g6 24. Bxd4 Rxe5 25. Bxe5 Qxe5 26. Qh4 h5 27. Rd7 e3 28. Re7 Qd5 29. Qf4 Kh7 30. Qf3 Qxf3 31. Rxf3 Kg8 32. Kf1 Bd2 33. Rxb7 a5 34. Ke2 Ra6 35. h3 Rc6 36. g4 Rc5 37. Rf4 hxg4 38. hxg4 Rc1 39. Re4 Re1+ 40. Kd3 Rg1 41. Rb5 Bc1 42. g5 Rd1+ 43. Kc2 Rh1 44. Rb8+ 1-0

[Event "Fide Mercenarios 9th"]
[White "Teran, Armando"]
[Black "Araiza Nieto, Edgar"]
[Site "Mexico City"]
[Round "10"]
[Result "1/2-1/2"]
[Date "1995.??.??"]
[WhiteElo "2000"]
[BlackElo "2075"]
[PlyCount "136"]
[EventDate "1995.??.??"]
[EventType "tourn"]
[EventRounds "11"]
[EventCountry "MEX"]
[SourceTitle "EXT 2000"]
[Source "ChessBase"]
[SourceDate "1999.11.16"]
[SourceVersion "1"]
[SourceVersionDate "1999.11.16"]
[SourceQuality "1"]

1. e4 c5 2. Nf3 Nc6 3. d4 cxd4 4. Nxd4 Nf6 5. Nc3 e5 6. Nf3 Bb4 7. Bd3 0-0 8. Bd2 d5 9. Nxd5 Nxd5 10. exd5 Qxd5 11. Qe2 Bxd2+ 12. Nxd2 Nd4 13. Qe4 Qxe4+ 14. Bxe4 Bf5 15. Bxf5 Nxf5 16. 0-0-0 Rac8 17. Nb3 Rfd8 18. Rxd8+ Rxd8 19. Nc5 b6 20. Ne4 Nd4 21. c3 Ne2+ 22. Kc2 Nf4 23. g3 Nh3 24. Rf1 f5 25. Nd2 Kf7 26. a4 Kf6 27. b4 Ng5 28. f4 Nf7 29. fxe5+ Nxe5 30. Nf3 Nc4 31. Re1 g5 32. Re2 Nd6 33. Nd4 a6 34. Re6+ Kf7 35. Rh6 Kg8 36. Ne6 Nf7 37. Rf6 Rd6 38. c4 f4 39. gxf4 gxf4 40. c5 bxc5 41. bxc5 Rc6 42. Rxf7 Rxe6 43. Rxf4 Rc6 44. Rf5 Kg7 45. Kd3 Kg6 46. Rd5 Kf6 47. Kd4 Ke6 48. Re5+ Kd7 49. Kd5 Rh6 50. c6+ Rxc6 51. Re7+ Kxe7 52. Kxc6 h5 53. h4 a5 54. Kb5 Kd6 55. Kxa5 Kc5 56. Ka6 Kc6 57. a5 Kc7 58. Kb5 Kb7 59. Kc5 Ka6 60. Kd5 Kxa5 61. Ke5 Kb6 62. Kf5 Kc7 63. Kg5 Kd7 64. Kxh5 Ke8 65. Kg6 Kf8 66. Kh7 Kf7 67. h5 Kf8 68. h6 Kf7 1/2-1/2

[Event "Fide Mercenarios 9th"]
[White "Teran, Armando"]
[Black "Diaz Lombardo, Isidro"]
[Site "Mexico City"]
[Round "5"]
[Result "1-0"]
[Date "1995.??.??"]
[WhiteElo "2000"]
[BlackElo "2000"]
[PlyCount "71"]
[EventDate "1995.??.??"]
[EventType "tourn"]
[EventRounds "11"]
[EventCountry "MEX"]
[SourceTitle "EXT 2000"]
[Source "ChessBase"]
[SourceDate "1999.11.16"]
[SourceVersion "1"]
[SourceVersionDate "1999.11.16"]
[SourceQuality "1"]

1. e4 c5 2. Nf3 Nc6 3. d4 cxd4 4. Nxd4 Nf6 5. Nc3 e5 6. Nf3 a6 7. Bd3 Be7 8. 0-0 0-0 9. a3 b5 10. Nd5 d6 11. Nxe7+ Qxe7 12. h3 Bb7 13. Re1 Rad8 14. Bg5 h6 15. Bh4 g5 16. Nxg5 hxg5 17. Bxg5 Qe6 18. Re3 Ne7 19. Rg3 Kh7 20. Qf3 Neg8 21. Rd1 Rd7 22. c4 Bc6 23. cxb5 Bxb5 24. Bc2 Kh8 25. Bb3 d5 26. exd5 Qd6 27. Qf5 Nh7 28. Bc2 f6 29. Be3 Rff7 30. b4 Be2 31. Rd2 Ne7 32. Qe6 Qxe6 33. dxe6 Rxd2 34. exf7 Rxc2 35. Bh6 Rc8 36. Bg7# 1-0

[Event "Fide Mercenarios 9th"]
[White "Teran, Armando"]
[Black "Vaca Kram, Luis"]
[Site "Mexico City"]
[Round "7"]
[Result "1-0"]
[Date "1995.??.??"]
[WhiteElo "2000"]
[BlackElo "2015"]
[PlyCount "69"]
[EventDate "1995.??.??"]
[EventType "tourn"]
[EventRounds "11"]
[EventCountry "MEX"]
[SourceTitle "EXT 2000"]
[Source "ChessBase"]
[SourceDate "1999.11.16"]
[SourceVersion "1"]
[SourceVersionDate "1999.11.16"]
[SourceQuality "1"]

1. e4 c5 2. Nf3 Nc6 3. Nc3 e5 4. Bc4 Be7 5. 0-0 Nf6 6. Re1 0-0 7. Nd5 d6 8. c3 Bg4 9. a3 Qd7 10. b4 Nxd5 11. exd5 Nd8 12. bxc5 Bf6 13. h3 Bf5 14. d4 exd4 15. cxd4 dxc5 16. Ne5 Qd6 17. Bf4 cxd4 18. Rc1 Qxa3 19. Qxd4 b6 20. g4 Bg6 21. g5 Be7 22. Nd7 Bc5 23. Nxc5 Qxc5 24. Qxc5 bxc5 25. Bd6 Nb7 26. Bxf8 Kxf8 27. Bb5 Rd8 28. Bc6 Nd6 29. Rxc5 Ne4 30. Ra5 Nxg5 31. d6 Nxh3+ 32. Kh2 Ng5 33. Rxg5 f6 34. Rxg6 hxg6 35. d7 1-0